000 01452nam a22003617a 4500
003 CHAP
005 20220329140829.0
008 971013s1970 r 00010 d
010 _a58276
011 _a59248
035 _a63406
040 _cCHAP
082 _a636.08
_bP7Y
245 _aProducciones ganaderas
_b: biología de los animales
260 _aBarcelona :
_bAedos,
_c1970
300 _a193 p.
_b: ilus.
490 _aFundamentos de agricultura moderna
_v; 3
590 _aBATCH-UPD
_b10
_c20130110
_lUCH01
_h0943
590 _aBATCH-UPD
_b10
_c20130410
_lUCH01
_h0558
590 _aBATCH-UPD
_b10
_c20130914
_lUCH01
_h0338
590 _aCONVERSION
_b10
_c20130109
_lUCH01
_h1331
650 1 4 _aAnimales domésticos
_xAnatomía y fisiología.
_95892
650 1 4 _aGanadería.
_944604
830 0 _aFundamentos de agricultura moderna
_v; 3
_944027
901 _aBK
942 _cLIBRO
949 _a636.08 P7Y
_bBC
_cLIBRO
_d-136120
_eLIBRO
_h46323
_i63406
_si
_t165.00
949 _a636.08 P7Y
_bBC
_cLIBRO
_d-137646
_eLIBRO
_fc.2
_h46323
_i63406
_si
_t165.00
949 _a636.08 P7Y
_bBC
_cLIBRO
_d33724000261111
_eLIBRO
_fc.5
_gI.14537
_h74591
_i63406
_si
_t165.00
949 _a636.08 P7Y
_bBC
_cLIBRO
_d33724000261129
_eLIBRO
_fc.3
_gI.14535
_h74589
_i63406
_si
_t165.00
949 _a636.08 P7Y
_bBC
_cLIBRO
_d33724000261137
_eLIBRO
_fc.4
_gI.14536
_h74590
_i63406
_si
_t165.00
949 _a636.08 P7Y
_bBC
_cLIBRO
_d33724000261145
_eLIBRO
_fc.6
_gI.144601
_h74696
_i63406
_si
_t165.00
999 _c58276
_d58276